Guess the language - Statistics

General Stats
  • This quiz has been taken 3,924 times
  • The average score is 7 of 10
Answer Stats
Language % Correct
Auf den Steinen lassen sich nur flache Brote backen. German
98%
Неупакованный хлеб можно хранить в хлебнице, и тогда он дольше останется свежим. Russian
98%
A fermentação é o segredo do pão. Portuguese
90%
ส่วนผสมที่สำคัญของขนมปังมีดังนี้ Thai
81%
Ekmeğin yapımında başlıca üç işlem yer alır. Turkish
73%
Bánh mì là một trong những thực phẩm được sản xuất lâu đời nhất. Vietnamese
72%
Brauði er hægt að dýfa í vökva, svo sem ýmis konar sósur, ólífuolíu eða súpu. Icelandic
59%
Gwneir bara, sy'n fwyd poblogaidd iawn, o does wedi'i bobi Welsh
42%
Leiba ei tohtinud panna lauale selili, see ennustanuks pereliikmele surma Estonian
38%
Алар көбүнчө кара буудайдын, буудайдын унунан же алардын аралашмасынан жасалат Kyrgyz
21%
No matching quizzes found
Score Distribution
Percent of People with Each Score
Percentile by Number Answered
Your Score History
You have not taken this quiz